Cities of Gwinnett County - Statistics

General Stats
  • This quiz has been taken 9 times
  • The average score is 11 of 14
Answers on the Map
Answers color-coded by a green-red scale on the quiz's map according to % correct below.
 
Answer Stats
City Population % Correct
Buford 17144
100%
Duluth 31873
100%
Grayson 4740
100%
Lawrenceville 30629
100%
Lilburn 14502
100%
Norcross 17209
100%
Loganville 14127
80%
Snellville 20573
80%
Auburn 7495
60%
Dacula 6822
60%
Peachtree Corners 42243
60%
Sugar Hill 25076
60%
Suwanee 20786
60%
Berkeley Lake 2054
20%
No matching quizzes found
Score Distribution
Percent of People with Each Score
Percentile by Number Answered
Your Score History
You have not taken this quiz